| 000 | 00938cam a22002531 4500 | ||
|---|---|---|---|
| 001 | sd 45000051 | ||
| 003 | DLC | ||
| 005 | 20260227112735.0 | ||
| 008 | 941013s1945 nyu b f000 0 eng c | ||
| 010 | _asd 45000051 | ||
| 035 | _a(OCoLC)31275400 | ||
| 040 |
_aU.S. Dept. of State. Libr. _cIEN _dDLC |
||
| 050 | 0 | 0 |
_aD410 _b.F65 vol. 21, no. 6 |
| 082 | _a940.53144 | ||
| 100 | 1 | _aHadsel, Winifred N. | |
| 245 | 1 | 0 |
_aPolitical currents in liberated Europe, _cby Winifred N. Hadsel. |
| 260 |
_aNew York, N.Y., _bForeign Policy Association, Incorporated _c[1945] |
||
| 300 |
_a1 p. l., 67-80 p. _c27 cm. |
||
| 490 | 0 |
_aForeign policy reports, _vvol. XXI, no. 6. June 1, 1945 |
|
| 500 | _a"Role of European countries at San Francisco, by O.K.D. Ringwood and W.N. Hadsel": p. [79]-80. | ||
| 504 | _aBibliographical foot-notes. | ||
| 651 | 0 |
_aEurope _xPolitics and government _y1918-1945. |
|
| 650 | 0 |
_aReconstruction (1939-1951) _zEurope. |
|
| 999 |
_c89954 _d89954 |
||